NCAA Ice Hockey Champions - Statistics

General Stats
  • This quiz has been taken 48 times
  • The average score is 9 of 24
Answers on the Grid
Answers color-coded by a green-red scale on the quiz's grid according to % correct below.
Air Force
Alaska
Alaska-Anchorage
Arizona State
Bemidji State
Boston College
Boston University
Bowling Green
Brown
Central Michigan
Clarkson
Colgate
Colorado College
Columbia
Connecticut
Cornell
Dartmouth
Denver
Eastern Michigan
Ferris State
Harvard
Lake Superior State
Maine
Massachusetts
Massachusetts-Lowell
Miami Of Ohio
Michigan
Michigan State
Michigan Tech
Minnesota
Minnesota-Duluth
Minnesota State
Northern Michigan
New Hampshire
North Dakota
Notre Dame
Ohio State
Pennsylvania
Pennsylvania State
Princeton
Providence
Quinnipiac
Rensselaer (RPI)
St. Cloud State
St. Lawrence
Union
Vermont
Western Michigan
Wisconsin
Yale
 
Answer Stats
Answer % Correct
Boston College
86%
Boston University
79%
Denver
50%
Michigan
43%
Minnesota
43%
Minnesota-Duluth
43%
North Dakota
43%
Quinnipiac
43%
Bowling Green
36%
Colorado College
36%
Cornell
36%
Michigan Tech
36%
Providence
36%
Lake Superior State
29%
Michigan State
29%
Northern Michigan
29%
Union
29%
Western Michigan
29%
Wisconsin
29%
Yale
29%
Maine
21%
Massachusetts
21%
Rensselaer (RPI)
21%
Harvard
14%
No matching quizzes found
Score Distribution
Percent of People with Each Score
Percentile by Number Answered
Your Score History
You have not taken this quiz